000 00571nam a2200229Ia 4500
003 OSt
005 20220918183601.0
006 a|||||r|||| 00| 0
007 ta
008 220917b |||||||| |||| 00| 0 eng d
024 _a39,052
037 _cTextual
040 _aARTS
_cARTS
_beng
041 _2eng
_aeng
082 _aO15:1B1, J5.1
100 _aValmiki
245 0 _aRamayana tr by Sripada Damodara Satavalekara
260 _c1955
650 _aENGLISH LITERATURE
942 _hO15:1B1, J5.1
_cTEXL
_2CC
999 _c173132
_d173132